| 000 | 00456nam a2200193Ia 4500 | ||
|---|---|---|---|
| 005 | 20250425162647.0 | ||
| 008 | 250425s9999 xx 000 0 und d | ||
| 041 | _aeng | ||
| 082 | _a519.50212 | ||
| 100 | _aMILLS, FREDERICK CECIL | ||
| 245 | 0 | _aSTATISTICAL METHODS | |
| 250 | _aS.E | ||
| 260 |
_aEstados Unidos _bHENRY HOLT AND COMPANY _c1950 |
||
| 260 | _aNEW YORK | ||
| 300 | _a745 | ||
| 650 | _aESTADISTICAS | ||
| 942 | _c01 | ||
| 010 | _a95038 | ||
| 999 |
_c233841 _d233841 |
||